[Event "TUR Cup"]
[Site "Denizli"]
[Date "2023.07.22"]
[Round "9"]
[White "Ozcan, Berk"]
[Black "Yakar, Azat"]
[Result "0-1"]
[WhiteElo "1863"]
[BlackElo "1515"]
[PlyCount "54"]
[EventDate "2023.07.16"]
[EventType "team-tourn"]
[EventRounds "9"]
[EventCountry "TUR"]
[SourceTitle "CBM 215 Extra"]
[Source "ChessBase"]
[SourceDate "2023.09.30"]
[SourceVersion "1"]
[SourceVersionDate "2023.09.30"]
[SourceQuality "1"]

1. e4 c5 2. Nf3 d6 3. d4 cxd4 4. Nxd4 Nf6 5. Nc3 g6 6. Be3 Nc6 7. f3 h5 8. Qd2 Nxd4 9. Bxd4 Bh6 10. Qf2 Qa5 11. Bc4 Be6 12. Bxe6 fxe6 13. 0-0 e5 14. Be3 Bxe3 15. Qxe3 Rc8 16. Qg5 Kf7 17. f4 Qc5+ 18. Kh1 exf4 19. Nd5 Kg7 20. b4 Qb5 21. a4 Qe8 22. Rxf4 Rxc2 23. Nxf6 exf6 24. Qxf6+ Kh6 25. Qxd6 Rh7 26. Qd1 Qe5 27. Qxc2 Qxa1+ 0-1

[Event "TUR Cup"]
[Site "Denizli"]
[Date "2023.07.20"]
[Round "7"]
[White "Ozcan, Berk"]
[Black "Bayram, Ufuk"]
[Result "1-0"]
[WhiteElo "1863"]
[BlackElo "1421"]
[PlyCount "111"]
[EventDate "2023.07.16"]
[EventType "team-tourn"]
[EventRounds "9"]
[EventCountry "TUR"]
[SourceTitle "CBM 215 Extra"]
[Source "ChessBase"]
[SourceDate "2023.09.30"]
[SourceVersion "1"]
[SourceVersionDate "2023.09.30"]
[SourceQuality "1"]

1. e4 e5 2. Nf3 Nf6 3. Nxe5 d6 4. Nf3 Nxe4 5. Nc3 Nxc3 6. dxc3 Be7 7. Bf4 0-0 8. Qd2 c6 9. 0-0-0 d5 10. Bd3 Nd7 11. Nd4 Nc5 12. Bf5 Bxf5 13. Nxf5 Qd7 14. Nxe7+ Qxe7 15. Rhe1 Ne6 16. Be5 f6 17. Bg3 Qf7 18. Re3 Rfe8 19. Rde1 Nc5 20. f3 Qd7 21. Qd4 b6 22. c4 Rxe3 23. Rxe3 Rd8 24. cxd5 Qxd5 25. Qxd5+ cxd5 26. b4 Na6 27. a3 Kf7 28. Kb2 Rd7 29. Rc3 Ke7 30. Rc8 Rd8 31. Rxd8 Kxd8 32. Kc3 Nc7 33. Kd4 Nb5+ 34. Kxd5 Nxa3 35. c3 Kd7 36. Be1 Nb5 37. c4 Nc7+ 38. Ke4 Ne6 39. Bg3 Kc6 40. Bf2 Kd6 41. Kf5 Nd8 42. c5+ Kc6 43. cxb6 axb6 44. h4 b5 45. h5 Nf7 46. Ke6 Ng5+ 47. Ke7 h6 48. Kf8 Ne6+ 49. Kf7 Kd5 50. g3 Ke5 51. Be3 f5 52. Bc1 f4 53. Bb2+ Kf5 54. g4+ Kg5 55. Kxe6 g6 56. Bf6# 1-0

[Event "TUR Cup"]
[Site "Antalya"]
[Date "2019.02.02"]
[Round "10"]
[White "Ozcan, Berk"]
[Black "Albayrak, Abdurrahman Kerem"]
[Result "0-1"]
[WhiteElo "1709"]
[BlackElo "1949"]
[PlyCount "72"]
[EventDate "2019.01.27"]
[EventType "swiss"]
[EventRounds "11"]
[EventCountry "TUR"]
[SourceTitle "CBM 188 Extra"]
[Source "ChessBase"]
[SourceDate "2019.02.26"]
[SourceVersion "1"]
[SourceVersionDate "2019.02.26"]
[SourceQuality "1"]

1. e4 c5 2. Nf3 d6 3. d4 cxd4 4. Nxd4 Nf6 5. Nc3 a6 6. Bg5 e6 7. f4 Qb6 8. a3 Be7 9. Nb3 Nbd7 10. Qd2 Qc7 11. 0-0-0 b6 12. Qd4 Bb7 13. Be2 Rc8 14. Kb1 h6 15. Bxf6 Bxf6 16. Qxd6 Bxc3 17. bxc3 Qxd6 18. Rxd6 Rxc3 19. Rhd1 Rc7 20. R6d4 Ke7 21. R1d2 Rhc8 22. Bf3 e5 23. Rxd7+ Rxd7 24. Rxd7+ Kxd7 25. Bg4+ Kd6 26. Bxc8 Bxc8 27. f5 Kc6 28. c3 Kd6 29. Kc2 Bb7 30. Nd2 Kc5 31. Kb3 Bc6 32. g3 Bb5 33. Nf3 Bd3 34. Nxe5 Bxe4 35. f6 gxf6 36. Nxf7 Bd5+ 0-1

[Event "TUR Cup"]
[Site "Antalya"]
[Date "2019.01.31"]
[Round "7"]
[White "Acar, Kaan"]
[Black "Ozcan, Berk"]
[Result "0-1"]
[WhiteElo "1548"]
[BlackElo "1709"]
[PlyCount "60"]
[EventDate "2019.01.27"]
[EventType "swiss"]
[EventRounds "11"]
[EventCountry "TUR"]
[SourceTitle "CBM 188 Extra"]
[Source "ChessBase"]
[SourceDate "2019.02.26"]
[SourceVersion "1"]
[SourceVersionDate "2019.02.26"]
[SourceQuality "1"]

1. e4 c5 2. Nf3 Nc6 3. Bb5 g6 4. Bxc6 dxc6 5. 0-0 Bg7 6. d3 Nf6 7. Qe2 0-0 8. Nbd2 Qc7 9. a4 a5 10. Rd1 Nd7 11. Nf1 b6 12. Ng3 Ba6 13. c4 e5 14. b3 Rfe8 15. Rb1 Nf8 16. h4 h5 17. Be3 Bc8 18. Qd2 Bg4 19. Bh6 Ne6 20. Re1 Bxf3 21. gxf3 Bxh6 22. Qxh6 Qe7 23. Nxh5 Qxh4 24. f4 exf4 25. e5 Qxh5 26. Qxh5 gxh5 27. Kg2 Kh7 28. Rh1 Kh6 29. Kf3 Rg8 30. Rh4 Rg5 0-1

[Event "TUR Cup"]
[Site "Antalya"]
[Date "2019.01.30"]
[Round "6"]
[White "Ozcan, Berk"]
[Black "Aysoy, Veysi"]
[Result "0-1"]
[WhiteElo "1709"]
[BlackElo "1933"]
[PlyCount "110"]
[EventDate "2019.01.27"]
[EventType "swiss"]
[EventRounds "11"]
[EventCountry "TUR"]
[SourceTitle "CBM 188 Extra"]
[Source "ChessBase"]
[SourceDate "2019.02.26"]
[SourceVersion "1"]
[SourceVersionDate "2019.02.26"]
[SourceQuality "1"]

1. e4 d5 2. exd5 Nf6 3. d4 Nxd5 4. c4 Nb6 5. Nf3 g6 6. Nc3 Bg7 7. c5 Nd5 8. Bc4 Nxc3 9. bxc3 0-0 10. 0-0 Nc6 11. Bf4 b6 12. cxb6 axb6 13. Qe2 e6 14. Rfd1 Na5 15. Bd3 Bb7 16. Be4 Qc8 17. Ng5 h6 18. Bxb7 Nxb7 19. Ne4 f5 20. Ng3 Nd6 21. Re1 Re8 22. Be5 Nf7 23. Bxg7 Kxg7 24. Qb2 Qa6 25. Re2 Qa3 26. c4 Qxb2 27. Rxb2 Ra5 28. Ne2 e5 29. d5 Rc5 30. Rc2 g5 31. g3 Ra8 32. f4 Ra4 33. Rac1 Kf6 34. fxe5+ Nxe5 35. Nd4 Rca5 36. Rf1 Kg6 37. Nxf5 Rxa2 38. Ne7+ Kg7 39. Rff2 Rxc2 40. Rxc2 Rc5 41. Nf5+ Kg6 42. Ne3 g4 43. Kf2 h5 44. Kf1 Nf3 45. Rf2 Kg5 46. h4+ Kf6 47. Re2 Nd4 48. Rf2+ Ke5 49. Rf7 Ke4 50. Kf2 Ra5 51. Re7+ Kd3 52. Nf1 Ra2+ 53. Kg1 Nf3+ 54. Kh1 Rf2 55. Re3+ Kd4 0-1

[Event "TUR Cup"]
[Site "Antalya"]
[Date "2019.01.28"]
[Round "3"]
[White "Caglar, Ahmet Ata"]
[Black "Ozcan, Berk"]
[Result "1/2-1/2"]
[WhiteElo "2093"]
[BlackElo "1709"]
[PlyCount "67"]
[EventDate "2019.01.27"]
[EventType "swiss"]
[EventRounds "11"]
[EventCountry "TUR"]
[SourceTitle "CBM 188 Extra"]
[Source "ChessBase"]
[SourceDate "2019.02.26"]
[SourceVersion "1"]
[SourceVersionDate "2019.02.26"]
[SourceQuality "1"]

1. e4 c5 2. Nf3 Nc6 3. d4 cxd4 4. Nxd4 Nf6 5. Nc3 d6 6. g3 a6 7. Bg2 Bd7 8. 0-0 e6 9. a4 Be7 10. Nb3 0-0 11. f4 Qc7 12. a5 b6 13. axb6 Qxb6+ 14. Kh1 Bc8 15. Re1 Bb7 16. Be3 Qc7 17. Na4 Nd7 18. c4 Nb4 19. Qe2 Rac8 20. Rec1 Nc5 21. Naxc5 dxc5 22. Rd1 Rfd8 23. Rxd8+ Rxd8 24. Rd1 Rxd1+ 25. Qxd1 a5 26. e5 Bxg2+ 27. Kxg2 Qc6+ 28. Qf3 Qxf3+ 29. Kxf3 Nd3 30. Nxa5 Nxb2 31. Bc1 Na4 32. Ke3 Kf8 33. Kd3 Ke8 34. Ke4 1/2-1/2

[Event "TUR Cup										"]
[Site "Antalya"]
[Date "2018.02.01"]
[Round "8"]
[White "Ozcan, Berk"]
[Black "Ozsoy, Alimert"]
[Result "1/2-1/2"]
[WhiteElo "1586"]
[BlackElo "1998"]
[PlyCount "133"]
[EventDate "2018.01.27"]
[EventType "swiss"]
[EventRounds "11"]
[EventCountry "TUR"]
[SourceTitle "CBM 182 Extra"]
[Source "ChessBase"]
[SourceDate "2018.02.23"]
[SourceVersion "1"]
[SourceVersionDate "2018.02.23"]
[SourceQuality "1"]

1. e4 c6 2. d4 d5 3. Nc3 dxe4 4. Nxe4 Bf5 5. Ng3 Bg6 6. h4 h6 7. Nf3 Nd7 8. h5 Bh7 9. Bd3 Bxd3 10. Qxd3 e6 11. Bd2 Ngf6 12. 0-0-0 Be7 13. Ne4 Nxe4 14. Qxe4 Nf6 15. Qd3 0-0 16. Ne5 c5 17. dxc5 Qc7 18. Qe2 Qxc5 19. g4 Rac8 20. c3 Qa5 21. Kb1 Bd6 22. f4 Qa4 23. Rhg1 Rfd8 24. Rde1 Bxe5 25. fxe5 Ne4 26. Qxe4 Qxe4+ 27. Rxe4 Rxd2 28. g5 hxg5 29. Rxg5 Kh7 30. Reg4 Rg8 31. Rf4 Kh6 32. Rg1 Rd7 33. Rfg4 Rd5 34. Rg5 Rd1+ 35. Rxd1 Kxg5 36. Rh1 Rd8 37. Rg1+ Kh6 38. Rf1 Rd7 39. Rg1 b6 40. Kc2 a6 41. c4 Rd4 42. Kc3 Re4 43. Rf1 Kxh5 44. Rxf7 g5 45. b4 Rxe5 46. Kd4 Re2 47. a4 g4 48. c5 bxc5+ 49. bxc5 g3 50. Rg7 Kh4 51. c6 Kh3 52. c7 Rc2 53. Ke5 g2 54. Rh7+ Kg3 55. Rg7+ Kf3 56. Rf7+ Ke3 57. Rg7 Rxc7 58. Rxg2 Rc4 59. Kxe6 Rxa4 60. Kd5 Kd3 61. Rg3+ Kc2 62. Rg2+ Kd3 63. Rg3+ Ke2 64. Kc5 a5 65. Kb5 Ra1 66. Rg4 Ke1 67. Rh4 1/2-1/2

[Event "TUR Cup										"]
[Site "Antalya"]
[Date "2018.01.30"]
[Round "6"]
[White "Ozcan, Berk"]
[Black "Ozdemir, Serhan Berat"]
[Result "1/2-1/2"]
[WhiteElo "1586"]
[BlackElo "1747"]
[PlyCount "150"]
[EventDate "2018.01.27"]
[EventType "swiss"]
[EventRounds "11"]
[EventCountry "TUR"]
[SourceTitle "CBM 182 Extra"]
[Source "ChessBase"]
[SourceDate "2018.02.23"]
[SourceVersion "1"]
[SourceVersionDate "2018.02.23"]
[SourceQuality "1"]

1. e4 Nf6 2. e5 Nd5 3. d4 d6 4. Nf3 Bg4 5. h3 Bh5 6. c4 Nb6 7. exd6 cxd6 8. Nc3 e6 9. b3 Be7 10. Be2 0-0 11. 0-0 N8d7 12. Be3 Bf6 13. Qd2 Bg6 14. Rac1 a6 15. Bd3 Bxd3 16. Qxd3 Nc8 17. Rc2 h6 18. Rb1 Be7 19. Ne2 Qe8 20. Qe4 Rb8 21. Rbc1 Nf6 22. Qd3 e5 23. Ng3 Bd8 24. Ne4 Kh8 25. Nxf6 Bxf6 26. dxe5 dxe5 27. Nd2 Qc6 28. Qe4 Qc7 29. c5 Ne7 30. Nc4 Nc6 31. Nb6 Rbd8 32. Nd5 Rxd5 33. Qxd5 Nb4 34. Qd6 Qxd6 35. cxd6 Nxc2 36. Rxc2 Rd8 37. Rc7 Rxd6 38. Rxf7 b5 39. Rc7 Rd1+ 40. Kh2 Ra1 41. Rc2 Kh7 42. Kg3 Kg6 43. Kf3 h5 44. g3 h4 45. gxh4 Kh5 46. Bg5 Bxg5 47. hxg5 Kxg5 48. Ke4 Re1+ 49. Kf3 Rh1 50. Ke4 Rxh3 51. Kxe5 Rf3 52. Ke4 Rf6 53. Ke3 Kg4 54. Ke2 g5 55. a4 bxa4 56. Rc4+ Kh3 57. bxa4 g4 58. Ke3 Rf3+ 59. Ke2 Ra3 60. Rd4 a5 61. Rd3+ Rxd3 62. Kxd3 Kg2 63. Ke2 Kh1 64. Kf1 Kh2 65. Ke1 Kg1 66. Ke2 Kg2 67. Ke1 Kf3 68. Kf1 Ke4 69. Kg2 Kf4 70. Kg1 Kf3 71. Kf1 Kf4 72. Kg2 Ke4 73. Kg3 Kf5 74. f3 gxf3 75. Kxf3 Ke5 1/2-1/2

[Event "TUR Cup										"]
[Site "Antalya"]
[Date "2018.01.30"]
[Round "5"]
[White "Suvar, Necati"]
[Black "Ozcan, Berk"]
[Result "0-1"]
[WhiteElo "1311"]
[BlackElo "1586"]
[PlyCount "70"]
[EventDate "2018.01.27"]
[EventType "swiss"]
[EventRounds "11"]
[EventCountry "TUR"]
[SourceTitle "CBM 182 Extra"]
[Source "ChessBase"]
[SourceDate "2018.02.23"]
[SourceVersion "1"]
[SourceVersionDate "2018.02.23"]
[SourceQuality "1"]

1. e4 c5 2. Nf3 Nc6 3. d4 cxd4 4. Nxd4 Nf6 5. Nc3 d6 6. Be2 e6 7. Bg5 Be7 8. Qd2 a6 9. 0-0-0 Nxd4 10. Qxd4 0-0 11. h4 Qa5 12. Qe3 b5 13. Rh3 b4 14. Nb1 Bb7 15. Bf3 Rfc8 16. Rg3 Qxa2 17. Bh6 Ne8 18. e5 Bxf3 19. gxf3 Qc4 20. c3 dxe5 21. Rg4 Qc5 22. Qe2 Bf6 23. Be3 Qc7 24. Rxb4 Be7 25. Rg4 f5 26. Ra4 Qc6 27. Ra5 f4 28. Bd2 Bf6 29. Na3 Nd6 30. Bxf4 exf4 31. Qxe6+ Nf7 32. Qe2 Bxc3 33. Rad5 Bd4+ 34. Kb1 Qxd5 35. Nc2 Qc4 0-1

[Event "TUR-chT2"]
[Site "Konya"]
[Date "2017.07.14"]
[Round "8.24"]
[White "Ozcan, Berk"]
[Black "Yilmaz, Ibrahim"]
[Result "1/2-1/2"]
[WhiteElo "1521"]
[BlackElo "1449"]
[PlyCount "104"]
[EventDate "2017.07.09"]
[EventType "team-swiss"]
[EventRounds "9"]
[EventCountry "TUR"]
[SourceTitle "CBM 179 Extra"]
[Source "ChessBase"]
[SourceDate "2017.08.23"]
[SourceVersion "1"]
[SourceVersionDate "2017.08.23"]
[SourceQuality "1"]
[WhiteTeam "Koy Hizmetleri Kastamonu"]
[BlackTeam "Genclik Deha"]
[WhiteTeamCountry "TUR"]
[BlackTeamCountry "TUR"]

1. e4 c6 2. d4 d5 3. exd5 cxd5 4. c4 dxc4 5. Bxc4 Nf6 6. Nc3 e6 7. Nf3 Bb4 8. 0-0 Bxc3 9. bxc3 0-0 10. Qc2 h6 11. Bd2 b6 12. Rfe1 Bb7 13. Ne5 Nd5 14. Bd3 Nf6 15. Bc4 Bd5 16. Bb3 Nbd7 17. Qd3 Bxb3 18. axb3 Nxe5 19. Rxe5 Ng4 20. Re2 Qd6 21. g3 Rfd8 22. f3 Nf6 23. Be3 Qd5 24. c4 Qxf3 25. Rf1 Qe4 26. Qd2 Qg6 27. Bf4 Rd7 28. h3 Nh5 29. Qe3 Nxf4 30. Rxf4 Rad8 31. Rg4 Qh7 32. d5 Re7 33. Re4 Qf5 34. g4 Qg6 35. Kg2 Rde8 36. Qf4 Kh7 37. Qd6 h5 38. Qc6 Rd8 39. dxe6 Rxe6 40. Rxe6 fxe6 41. Qxe6 hxg4 42. hxg4 Qxe6 43. Rxe6 Rd3 44. Re7 a5 45. c5 bxc5 46. Ra7 Rxb3 47. Rxa5 c4 48. Rc5 c3 49. Kf3 c2+ 50. Kf4 Rb2 51. g5 Ra2 52. Rc6 Rb2 1/2-1/2